Luidji - Pour deux âmes solitaires part. 2 - paroles - Statistiques

Statistiques générales
  • Ce quiz a été pris 297 fois
  • Le résultat moyen est 318 sur 479
Statistiques - réponses
Réponse % Correct
à
93%
a
93%
de
90%
me
89%
pour
87%
Pour
87%
deux
85%
te
85%
Tu
83%
tu
83%
Je
82%
je
82%
En
81%
en
81%
se
81%
solitaires ?
80%
âmes
79%
que
79%
Elle
78%
elle
78%
le
78%
ma
78%
des
77%
moi,
77%
moi
77%
plus
77%
Plus
77%
plus,
77%
tes
77%
t'es
77%
T'es
77%
un
77%
ce
76%
son
76%
Et
75%
et
75%
la
75%
là ?"
75%
con
74%
mais
74%
par
74%
peut
74%
Peut
74%
propre
74%
est
73%
est,
73%
les
73%
ses
73%
bonne
72%
ciel
72%
elles
72%
Elles
72%
faire
72%
ou
72%
pas
72%
Pas
72%
bien
71%
c'est
71%
"c'est
71%
comme
71%
fraîches,
71%
il
71%
Il
71%
j'ai
71%
J'ai
71%
sont
71%
tout
71%
ai
70%
fait
70%
forme
70%
lui
70%
mon
70%
Qu'est
70%
vie,
70%
qui
69%
r'tard
69%
si
69%
ex,
68%
ex
68%
même,
68%
même
68%
on
68%
ouais
68%
ouais,
68%
Ouais,
68%
pote"
68%
veux,
68%
avant
67%
formes,
67%
quand
67%
Quand
67%
qu'elle
67%
toi
67%
bonnes
66%
c'était
66%
commence
66%
dans
66%
femmes
66%
mes
66%
passer
66%
réfléchis
66%
rêve
66%
suis
66%
sur
66%
sûr
66%
Luidji,
65%
celle
64%
copine,
64%
Dalton
64%
dernier
64%
drogue
64%
j'aime
64%
J'aime
64%
j'en
64%
renoi
64%
va
64%
Au
63%
au
63%
être
63%
oublier
63%
passions
63%
une
63%
années
62%
car
62%
commencer
62%
film,
62%
gros
62%
J'tai
62%
j'tai
62%
l'alcool
62%
l'attends,
62%
pop-corns
62%
potes
62%
ras
62%
souvent
62%
taf
62%
y
62%
connu
61%
fais
61%
j'te
61%
pose
61%
recule
61%
sais
61%
sert
61%
servi
61%
t'agis
61%
texte,
61%
vu
61%
belle
60%
bosse
60%
clebs
60%
cracher
60%
culs
60%
d'elle
60%
destin
60%
l'album
60%
l'bol
60%
l'écoute
60%
l'temps
60%
médecin
60%
mettre
60%
moins
60%
néfaste
60%
ont
60%
penchant
60%
petite
60%
psy,
60%
question
60%
rêver
60%
sexe
60%
sortant
60%
taille
60%
terminer
60%
toilettes
60%
côté
59%
dire
59%
Enfin
59%
j'me
59%
j't'arrête
59%
mines,
59%
parce
59%
sein
59%
sourit
59%
tête
59%
blague
58%
capote
58%
comment
58%
d'me
58%
donner
58%
d'suite
58%
grosse
58%
hein,
58%
hein
58%
j'repense
58%
malsain
58%
non
58%
osé
58%
parles
58%
penser,
58%
peux
58%
questions
58%
sans
58%
tenant
58%
vaccin
58%
vieux
58%
aimer,
57%
celles
57%
connes
57%
corda,
57%
du
57%
grave
57%
jurer
57%
l'épaule,
57%
merde,
57%
parler,
57%
qu'elles
57%
rien,
57%
vas
57%
adorer
56%
carotte
56%
choisi
56%
drague
56%
j'sais
56%
m'est
56%
n'écoute
56%
plein
56%
races
56%
sous
56%
ton
56%
avec
55%
intéressantes
55%
tiens
55%
trompé
55%
brunes
54%
copines
54%
était
54%
foncées
54%
m'entourent
54%
pensées
54%
placebo,
54%
vends
54%
Oui,
53%
bronzées
52%
défauts,
52%
d'meufs
52%
parano
52%
pire,
52%
qu'deux
52%
J'allume
50%
j'préfère
50%
J'disais
49%
caille,
47%
tellement
47%
ceux
46%
pendre
46%
SOS
46%
envie
45%
j'avais
45%
J'avais
45%
re-pu,
45%
t'asseyes
45%
feu-meu
44%
genre
44%
j'suis
44%
m'disaient
44%
nord,
44%
ouest
44%
saugrenues
44%
sud,
44%
depuis
42%
vendre
42%
chaque
41%
envoient
41%
maintenant
41%
fois
40%
l'impression
40%
qu'un
40%
d'temps
38%
n'est
38%
trop
38%
qu'une
37%
assez
36%
doutes
36%
fréquentations
36%
longtemps
36%
médité
36%
plan
36%
questionnements
36%
Sache
35%
schéma,
35%
j'l'ouvre
34%
motivations,
34%
Aujourd'hui
32%
pelote
32%
disais
20%
téléphone
17%
t'souviens
17%
racontais
14%
Aucun quiz correspondant
Distribution des résultats
% des personnes avec chaque résultat
Percentile par nombre de réponses
Votre historique - résultats
Vous n’avez pas pris ce quiz